States of Germany - Sudden Death - Statistics

General Stats
  • This quiz has been taken 74 times
    73 since last reset
  • The average score is 10 of 16
Answers on the Grid
Answers color-coded by a green-red scale on the quiz's grid according to % correct below.
Bavaria
Thuringia
Freistaat
Schleswig-Holstein
Rhine-Ruhr
Hesse
Baden-Württemberg
Tyrol
Saxony
Bahnhofstraße
Hamburg
Gemütlich
North Rhine-Westphalia
Bremen
Kraichgau
Lower Saxony
Saarland
Backpfeifengesicht
Rhineland-Palatinate
Berlin
Schwarzwald
Brandenburg
Saxony-Anhalt
Cologne
Mecklenburg-West Pomerania
Lörrach
 
Answer Stats
Answer % Correct
Bavaria
84%
Schleswig-Holstein
76%
Berlin
73%
Baden-Württemberg
67%
Hamburg
67%
Bremen
64%
Hesse
64%
Lower Saxony
64%
Saxony
64%
North Rhine-Westphalia
62%
Saxony-Anhalt
62%
Mecklenburg-West Pomerania
60%
Thuringia
58%
Brandenburg
56%
Rhineland-Palatinate
56%
Saarland
56%
No matching quizzes found
Score Distribution
Percent of People with Each Score
Percentile by Number Answered
Your Score History
You have not taken this quiz since the last reset